Loading...

Strategic management and business policy

Bibliografiske detaljer
Hovedforfatter: Azhar,Kazmi
Format: Printed Book
Sprog:Undetermined
Udgivet: Mcgraw-hill 2009
Fag:
LEADER 00574nam a2200169Ia 4500
008 140316s9999 xx 000 0 und d
020 |a 9780070263628 
082 |a 658  |b AZH/ST 
100 |a Azhar,Kazmi 
245 |a Strategic management and business policy 
260 |b Mcgraw-hill  |c 2009 
300 |a 698 
650 |a Organisational appraisal 
650 |a Strategy formulation 
942 |2 ddc  |c BK 
999 |c 10565  |d 10565 
952 |0 0  |1 0  |2 ddc  |4 0  |6 658_000000000000000_AZHST  |7 0  |9 11769  |a KAUCLV  |b KAUCLV  |c GENERAL  |d 2014-03-18  |l 10  |o 658 AZH/ST  |p 219196  |r 2018-10-17  |s 2018-09-19  |w 2014-03-18  |y BK